000 00400pam a2200157a 44500
008 230515b1995 xxu||||| |||| 00| 0 eng d
020 _a0-14-023077-7
041 _aENGL
082 _a001.2 BON.
100 _a"BONO E .,"
245 _aTEACH YOURSELF TO THINK
250 _a0
260 _aLONDON
_bPENGUIN BOOK INC.
_c1995
300 _a254
650 _a"KNOWLEDGE,TEACH YOURSELF,THINK,LEARNING"
999 _c533933
_d533933